Industrial development Asia and the far East

Salvato in:
Dettagli Bibliografici
Natura: Libro
Lingua:Undetermined
Pubblicazione: New York United Nations 1971
Soggetti:
Tags: Aggiungi Tag
Nessun Tag, puoi essere il primo ad aggiungerne! !
Thư viện lưu trữ: Trung tâm Học liệu Trường Đại học Cần Thơ
LEADER 00446nam a2200169Ia 4500
001 CTU_99417
008 210402s9999 xx 000 0 und d
082 |a 338 
082 |b I.42 
245 0 |a Industrial development Asia and the far East 
260 |a New York 
260 |b United Nations 
260 |c 1971 
650 |a Industries 
650 |z United states 
904 |i Tuyến 
980 |a Trung tâm Học liệu Trường Đại học Cần Thơ